| 000 | 00392cam a22001097a 4500 | ||
|---|---|---|---|
| 008 | 180718b1957 xxu||||| |||| 00| 0 eng d | ||
| 082 | _aK32x42 Un3 | ||
| 245 |
_aAppointment in her majesty's overseas civil service : and other _cby The Colonial Office, United Kingdom |
||
| 260 |
_aLondon _bHer Majesty's Stationery Office _c1957 |
||
| 300 | _a83+p. | ||
| 700 | _aUnited Kingdom. The Colonial Office | ||
| 999 |
_c428723 _d428723 |
||